[Event "Tarantella #1 "]
[Site "SchemingMind.com"]
[Date "2004.12.31"]
[Round "-"]
[White "loco61"]
[Black "C. H. O'D. Schlechter"]
[Result "0-1"]
[WhiteCountry "ENG"]
[BlackCountry "USA"]
[WhiteElo "1530"]
[WhiteRD "65"]
[BlackElo "2025"]
[BlackRD "82"]
[GameID "6762"]

1. e4 e5 2. Nf3 Nc6 3. Bc4 Nf6 4. Ng5 d5 5. exd5 Na5 6. d3 h6 7. Nf3 e4 8. Qe2 Nxc4 9. dxc4 Bc5 10. Nc3 O-O
11. Nd2 Bg4 12. Qf1 e3 13. fxe3 Bxe3 14. Nde4 Nxe4 15. Nxe4 Bxc1 16. Rxc1 Re8 17. Qf4 f5 18. Qg3 Rxe4+ 19. Kf2 Qf6 20. c3 Qb6+
0-1

[Event "Tarantella #1 "]
[Site "SchemingMind.com"]
[Date "2004.12.31"]
[Round "-"]
[White "C. H. O'D. Schlechter"]
[Black "loco61"]
[Result "1-0"]
[WhiteCountry "USA"]
[BlackCountry "ENG"]
[WhiteElo "2025"]
[WhiteRD "82"]
[BlackElo "1530"]
[BlackRD "65"]
[GameID "6763"]

1. e4 e5 2. Nf3 Nc6 3. d4 exd4 4. Nxd4 Bc5 5. Nxc6 bxc6 6. Bd3 d5 7. O-O Be6 8. Nd2 Nf6 9. e5 Nd7 10. Qh5 g6
11. Qh6 Bf8 12. Qf4 Bg7 13. Nf3 Qe7 14. Re1 O-O 15. Qa4 c5 16. Bg5 f6 17. exf6 Bxf6 18. Bxf6 Rxf6 19. Qc6 c4 20. Qxa8+ Rf8
21. Qc6 Nc5 22. b4 cxd3 23. bxc5 dxc2 24. Qxe6+ Qxe6 25. Rxe6
1-0

[Event "Tarantella #1 "]
[Site "SchemingMind.com"]
[Date "2004.12.31"]
[Round "-"]
[White "IncitatoX"]
[Black "loco61"]
[Result "0-1"]
[WhiteCountry "ARG"]
[BlackCountry "ENG"]
[WhiteElo "1364"]
[WhiteRD "83"]
[BlackElo "1533"]
[BlackRD "64"]
[GameID "6782"]

1. e4 e5 2. Nf3 Nc6 3. Bb5 d6 4. h3 Bd7 5. c3 a6 6. Ba4 b5 7. Bc2 Nf6 8. d4 exd4 9. cxd4 Be7 10. O-O O-O
11. Nc3 Nb4 12. a3 Nxc2 13. Qxc2 Ra7 14. Ne2 c5 15. e5 dxe5 16. dxe5 Nd5 17. Rd1 Be6 18. Ng3 h6 19. Nh5 Qc8 20. Rxd5 Bxd5
21. Nf6+ Bxf6 22. exf6 g6 23. Bxh6 Rd8 24. Ne5 Qc7 25. Nxg6 Kh7 26. Nf8+ Kxh6 27. Qh7+ Kg5 28. h4+ Kxf6 29. Qh6+ Ke7 30. Re1+ Be6
31. Nxe6 fxe6 32. Qxe6+ Kf8 33. Qh6+ Qg7 34. Qe6 Re7 35. Qf5+ Qf7
0-1

[Event "Tarantella #1 "]
[Site "SchemingMind.com"]
[Date "2004.12.31"]
[Round "-"]
[White "IncitatoX"]
[Black "C. H. O'D. Schlechter"]
[Result "0-1"]
[WhiteCountry "ARG"]
[BlackCountry "USA"]
[WhiteElo "1353"]
[WhiteRD "87"]
[BlackElo "2025"]
[BlackRD "82"]
[GameID "6783"]

1. e4 e5 2. Nf3 Nc6 3. Bb5 f5 4. Bxc6 dxc6 5. Nc3 Nf6 6. Nxe5 fxe4 7. O-O Qd4 8. Nf3 exf3 9. Qxf3 Bg4 10. Re1+ Kf7
11. Qg3 Bd6 12. Qh4 h6 13. Ne2 Qb6 14. d3 g5 15. c3 gxh4
0-1

[Event "Tarantella #1 "]
[Site "SchemingMind.com"]
[Date "2005.01.01"]
[Round "-"]
[White "loco61"]
[Black "IncitatoX"]
[Result "1-0"]
[WhiteCountry "ENG"]
[BlackCountry "ARG"]
[WhiteElo "1533"]
[WhiteRD "64"]
[BlackElo "1364"]
[BlackRD "83"]
[GameID "6784"]

1. e4 e5 2. Nf3 Nc6 3. Bc4 h6 4. Nc3 Nf6 5. d3 d6 6. h3 Be7 7. Be3 Nh5 8. g3 f5 9. Nxe5 Nxe5 10. Qxh5+ Kd7
11. Qxf5+ Ke8 12. Qh5+ Kf8 13. Bb3 Bd7 14. d4 Be8 15. Qf5+ Nf7 16. O-O-O c6 17. e5 d5 18. e6 b5 19. Nxd5 cxd5 20. Bxd5 Qc8
21. Bxa8 Qxa8 22. d5 Qb8 23. Bf4 Qb6 24. Be3 Bc5 25. Rhe1 Bxe3+ 26. Rxe3 b4 27. d6 g6 28. Qf6 Qb7 29. d7
1-0

[Event "Tarantella #1 "]
[Site "SchemingMind.com"]
[Date "2004.12.31"]
[Round "-"]
[White "C. H. O'D. Schlechter"]
[Black "IncitatoX"]
[Result "1-0"]
[WhiteCountry "USA"]
[BlackCountry "ARG"]
[WhiteElo "2025"]
[WhiteRD "82"]
[BlackElo "1353"]
[BlackRD "87"]
[GameID "6785"]

1. e4 e5 2. Nf3 Nc6 3. Bc4 h6 4. d4 exd4 5. Nxd4 Nxd4 6. Qxd4 d6 7. Nc3 Nf6 8. Bf4 c5 9. Qd3 a6 10. O-O-O b5
11. Bd5 Rb8 12. e5 Nxd5 13. Nxd5 c4 14. Qe3 Bb7 15. exd6+ Kd7 16. Qh3+ Kc6 17. Nb4+
1-0

[Event "Tarantella #1 "]
[Site "SchemingMind.com"]
[Date "2005.01.01"]
[Round "-"]
[White "reptile"]
[Black "loco61"]
[Result "1-0"]
[WhiteCountry "ISR"]
[BlackCountry "ENG"]
[WhiteElo "1902"]
[WhiteRD "85"]
[BlackElo "1533"]
[BlackRD "64"]
[GameID "6810"]

1. d4 d5 2. c4 e5 3. dxe5 Bb4+ 4. Bd2 Bxd2+ 5. Nxd2 dxc4 6. Nxc4 Bd7 7. Nf3 Ne7 8. e4 Bg4 9. Qxd8+ Kxd8 10. Be2 h6
11. O-O Nd7 12. h3 Bh5 13. Rfd1 b5 14. e6 fxe6 15. Nce5 Be8 16. Nxd7 Bxd7 17. Ne5 Ke8 18. Nxd7 Rd8 19. Ne5 Rxd1+ 20. Rxd1 a6
21. Bh5+ g6 22. Nxg6 Nxg6 23. Bxg6+ Ke7 24. Bh5 e5 25. Rd5 Kf6 26. Rc5 Rh7 27. Rc6+ Kg5 28. Bg4 Kf4 29. Bf5 Rh8 30. h4 a5
31. Rc3 b4 32. Rf3#
1-0

[Event "Tarantella #1 "]
[Site "SchemingMind.com"]
[Date "2005.01.01"]
[Round "-"]
[White "reptile"]
[Black "IncitatoX"]
[Result "1-0"]
[WhiteCountry "ISR"]
[BlackCountry "ARG"]
[WhiteElo "1902"]
[WhiteRD "85"]
[BlackElo "1364"]
[BlackRD "83"]
[GameID "6811"]

1. e4 e5 2. Nf3 Nc6 3. Bb5 d6 4. d4 Bd7 5. Nc3 exd4 6. Nxd4 Nxd4 7. Bxd7+ Qxd7 8. Qxd4 h6 9. Be3 Nf6 10. a4 Be7
11. O-O c5 12. Qd2 Ng4 13. Bf4 O-O 14. Rad1 f5 15. Bxd6 Bxd6 16. Qxd6 Qf7 17. Qxc5 Qh5 18. h3 Nf6 19. e5 Rac8 20. Qb4 f4
21. exf6 Rxf6 22. Nd5
1-0

[Event "Tarantella #1 "]
[Site "SchemingMind.com"]
[Date "2005.01.01"]
[Round "-"]
[White "reptile"]
[Black "C. H. O'D. Schlechter"]
[Result "0-1"]
[WhiteCountry "ISR"]
[BlackCountry "USA"]
[WhiteElo "1909"]
[WhiteRD "83"]
[BlackElo "2135"]
[BlackRD "71"]
[GameID "6812"]

1. d4 Nf6 2. c4 g6 3. Nf3 Bg7 4. Nc3 d5 5. Bf4 O-O 6. Qb3 dxc4 7. Qxc4 c6 8. e4 b5 9. Qd3 Qa5 10. Bd2 b4
11. Nd1 Ba6 12. Qc2 Bxf1 13. Rxf1 Qb5 14. Ne5 c5 15. d5 Nxd5 16. Nxf7 Nc6 17. Rc1 Nd4 18. Qc4 Qxc4 19. Rxc4 Nb6 20. Rxc5 Kxf7
21. Bxb4 Rac8 22. Ne3 Rxc5 23. Bxc5 Na4 24. Bxa7 Nc6 25. b3 Nb2 26. Bb6 Rb8 27. Bc7 Bc3+
0-1

[Event "Tarantella #1 "]
[Site "SchemingMind.com"]
[Date "2005.01.01"]
[Round "-"]
[White "loco61"]
[Black "reptile"]
[Result "0-1"]
[WhiteCountry "ENG"]
[BlackCountry "ISR"]
[WhiteElo "1544"]
[WhiteRD "63"]
[BlackElo "1909"]
[BlackRD "83"]
[GameID "6813"]

1. e4 c5 2. Nf3 Nc6 3. Nc3 d6 4. Bb5 Bd7 5. O-O g6 6. d3 Bg7 7. Bd2 a6 8. Ba4 Nf6 9. a3 O-O 10. Bb3 b5
11. Ne2 a5 12. c4 b4 13. Ba4 Ng4 14. Bxc6 Bxc6 15. Qc2 Qb8 16. h3 Ne5 17. Nxe5 Bxe5 18. Rab1 Bd7 19. f4 Bg7 20. Ng3 a4
21. f5 d5 22. Rf3 dxe4 23. dxe4 Be5 24. Be1 Bc6 25. Bf2 Qc7 26. Re3 Rfd8 27. Ne2 Rd7 28. fxg6 hxg6 29. Rf3 Rad8 30. Re1 Rd2
31. Qb1 Rxb2 32. Qc1 Rdd2
0-1

[Event "Tarantella #1 "]
[Site "SchemingMind.com"]
[Date "2005.01.02"]
[Round "-"]
[White "IncitatoX"]
[Black "reptile"]
[Result "0-1"]
[WhiteCountry "ARG"]
[BlackCountry "ISR"]
[WhiteElo "1463"]
[WhiteRD "81"]
[BlackElo "1909"]
[BlackRD "83"]
[GameID "6814"]

1. e4 c5 2. Nf3 Nc6 3. c3 d6 4. h3 g6 5. d4 Bg7 6. Bg5 cxd4 7. Bb5 dxc3 8. Nxc3 Bd7 9. O-O a6 10. Ba4 Nf6
11. e5 dxe5 12. Qd2 b5 13. Bc2 Be6 14. Qe3 O-O 15. Bh6 Qc7 16. Bxg7 Kxg7 17. Ng5 Bc4 18. Rfd1 Rad8 19. Rxd8 Rxd8 20. b3 Bd5
21. Nxd5 Rxd5 22. Rd1 Qd6 23. Rf1 Rd2 24. Ne4 Nxe4 25. Bxe4 Nd8 26. g4 Ne6 27. h4 Nf4 28. Kh2 Qd4 29. Qf3 Rxa2 30. h5 a5
31. hxg6 hxg6 32. Rd1 Rxf2+
0-1

[Event "Tarantella #1 "]
[Site "SchemingMind.com"]
[Date "2005.01.01"]
[Round "-"]
[White "C. H. O'D. Schlechter"]
[Black "reptile"]
[Result "1-0"]
[WhiteCountry "USA"]
[BlackCountry "ISR"]
[WhiteElo "2069"]
[WhiteRD "81"]
[BlackElo "1902"]
[BlackRD "85"]
[GameID "6815"]

1. e4 e5 2. Nf3 Nc6 3. Bc4 Bc5 4. d4 exd4 5. O-O d6 6. c3 dxc3 7. Nxc3 Be6 8. Bxe6 fxe6 9. Qb3 Qc8 10. Ng5 Nd4
11. Qa4+ c6 12. Be3 Qd8 13. b4 Bb6 14. Bxd4 Bxd4 15. Nxe6 Qb6 16. Nd5
1-0

[Event "Tarantella #1 "]
[Site "SchemingMind.com"]
[Date "2005.01.01"]
[Round "-"]
[White "refutor"]
[Black "loco61"]
[Result "1-0"]
[WhiteCountry "CAN"]
[BlackCountry "ENG"]
[WhiteElo "1537"]
[WhiteRD "54"]
[BlackElo "1530"]
[BlackRD "65"]
[GameID "6841"]

1. Nf3 Nc6 2. e4 e5 3. Bb5 d6 4. d4 exd4 5. Nxd4 Bd7 6. Nxc6 Bxc6 7. Bxc6+ bxc6 8. O-O Nf6 9. Bg5 Be7 10. Nd2 h6
11. Bh4 g5 12. Bg3 h5 13. e5 Ng4 14. exd6 cxd6 15. h3 Ne5 16. Ne4 f5 17. Bxe5 dxe5 18. Ng3 Qxd1 19. Raxd1 f4 20. Nf5 Bc5
21. Ng7+ Ke7 22. Nf5+ Ke6 23. Ng7+ Kf6 24. Rd7 Bf8 25. Rfd1 Bxg7 26. R1d6+ Kf5 27. Rxg7 c5 28. f3 Rhf8 29. g4+ hxg4 30. hxg4#
1-0

[Event "Tarantella #1 "]
[Site "SchemingMind.com"]
[Date "2005.01.01"]
[Round "-"]
[White "refutor"]
[Black "IncitatoX"]
[Result "0-1"]
[WhiteCountry "CAN"]
[BlackCountry "ARG"]
[WhiteElo "1516"]
[WhiteRD "54"]
[BlackElo "1364"]
[BlackRD "83"]
[GameID "6842"]

1. Nf3 d5 2. d4 Nc6 3. c4 Bg4 4. cxd5 Qxd5 5. Nc3 Qd8 6. Bf4 e6 7. e3 Nf6 8. Bb5 Be7 9. Bxc6+ bxc6 10. O-O O-O
11. h3 Bxf3 12. Qxf3 Nd5 13. Bg3 Nxc3 14. bxc3 c5 15. Rfd1 Qc8 16. Rab1 cxd4 17. cxd4 c5 18. dxc5 f5 19. Rb7 Qxc5 20. Rdd7 Bf6
21. Bh4 Bc3 22. Rdc7 Qe5 23. Rxg7+ Qxg7 24. Rxg7+ Bxg7 25. Qc6 Rfe8 26. a4 Rac8 27. Qd6 Rc1+ 28. Kh2 Rec8 29. Qxe6+ Kh8 30. Qxf5 R1c5
31. Qf7 Be5+ 32. g3 Rc2 33. Bf6+ Bxf6 34. Qxf6+ Kg8 35. Kg2 R2c6 36. Qd4 Rc2 37. Qxa7 Rf8 38. a5 Rcxf2+ 39. Kg1 Rf1+
0-1

[Event "Tarantella #1 "]
[Site "SchemingMind.com"]
[Date "2005.01.01"]
[Round "-"]
[White "refutor"]
[Black "reptile"]
[Result "0-1"]
[WhiteCountry "CAN"]
[BlackCountry "ISR"]
[WhiteElo "1449"]
[WhiteRD "57"]
[BlackElo "1909"]
[BlackRD "83"]
[GameID "6843"]

1. e4 c5 2. Nf3 Nc6 3. Bb5 g6 4. Bxc6 bxc6 5. O-O Bg7 6. c3 Nf6 7. Re1 d6 8. d4 O-O 9. Bg5 Rb8 10. Qc2 Qb6
11. b3 Bg4 12. Nbd2 cxd4 13. cxd4 Rfe8 14. h3 Bd7 15. e5 Nd5 16. Nc4 Qc7 17. exd6 exd6 18. Qd3 Bf5 19. Qd2 Nf6 20. Rac1 Ne4
21. Qf4 Nxg5 22. Nxg5 Rxe1+ 23. Rxe1 Rd8 24. g4 Bc8 25. Nxd6 Be6 26. Nxe6 fxe6 27. Rxe6 Bf8
0-1

[Event "Tarantella #1 "]
[Site "SchemingMind.com"]
[Date "2005.01.01"]
[Round "-"]
[White "refutor"]
[Black "C. H. O'D. Schlechter"]
[Result "0-1"]
[WhiteCountry "CAN"]
[BlackCountry "USA"]
[WhiteElo "1537"]
[WhiteRD "54"]
[BlackElo "2025"]
[BlackRD "82"]
[GameID "6844"]

1. Nf3 d5 2. d4 Nf6 3. c4 e6 4. Nc3 c6 5. Bg5 Nbd7 6. e3 Qa5 7. Nd2 Bb4 8. Qc2 O-O 9. Be2 c5 10. O-O cxd4
11. exd4 dxc4 12. Bxf6 Nxf6 13. Nxc4 Qc7 14. a3 Be7 15. h3 b6 16. Nb5 Qb8 17. Ne5 Bb7 18. Bd3 a6 19. Bxh7+ Nxh7 20. Nd7 Qc8
21. Qxc8 Rfxc8 22. Nxb6 axb5 23. Nxc8 Rxc8 24. b4 Bd5 25. f3 Bf6 26. a4 Bxd4+
0-1

[Event "Tarantella #1 "]
[Site "SchemingMind.com"]
[Date "2005.01.02"]
[Round "-"]
[White "loco61"]
[Black "refutor"]
[Result "1/2-1/2"]
[WhiteCountry "ENG"]
[BlackCountry "CAN"]
[WhiteElo "1530"]
[WhiteRD "65"]
[BlackElo "1537"]
[BlackRD "54"]
[GameID "6845"]

1. e4 c5 2. Nf3 Nc6 3. Bc4 e6 4. Nc3 a6 5. d4 cxd4 6. Nxd4 Bb4 7. Ne2 b5 8. Bb3 Nge7 9. a3 Ba5 10. Bd2 f5
11. O-O O-O 12. exf5 Nxf5 13. Nd5 Bxd2 14. Qxd2 exd5 15. Qxd5+ Kh8 16. c3 Nfe7 17. Qh5 Ng6 18. Ng3 d5 19. Rad1 Be6 20. Ne4 Qh4
21. Qxh4 Nxh4 22. Bxd5 Bxd5 23. Rxd5 Rae8 24. Nc5 Re2 25. b4 Ne5 26. Nxa6 Nc4 27. g3 Nd2 28. gxh4 Nxf1 29. Kxf1 Rfxf2+= 30. Kg1 Rg2+=
1/2-1/2

[Event "Tarantella #1 "]
[Site "SchemingMind.com"]
[Date "2005.01.02"]
[Round "-"]
[White "IncitatoX"]
[Black "refutor"]
[Result "0-1"]
[WhiteCountry "ARG"]
[BlackCountry "CAN"]
[WhiteElo "1353"]
[WhiteRD "87"]
[BlackElo "1537"]
[BlackRD "54"]
[GameID "6846"]

1. e4 c5 2. Nf3 Nc6 3. Bb5 g6 4. Bxc6 bxc6 5. c4 Bg7 6. e5 d6 7. Qe2 Bg4 8. e6 fxe6 9. h3 Bxf3 10. Qxf3 Qd7
11. d3 Nf6 12. O-O O-O 13. Nd2 Rab8 14. Qd1 d5 15. f4 Nh5 16. Qg4 Bxb2 17. Bxb2 Rxb2 18. Nf3 Rxf4 19. Qg5 dxc4 20. Ne5 Qd4+
21. Kh1 Rxf1+ 22. Kh2 Qf4+
0-1

[Event "Tarantella #1 "]
[Site "SchemingMind.com"]
[Date "2005.01.02"]
[Round "-"]
[White "reptile"]
[Black "refutor"]
[Result "1-0"]
[WhiteCountry "ISR"]
[BlackCountry "CAN"]
[WhiteElo "1902"]
[WhiteRD "85"]
[BlackElo "1516"]
[BlackRD "54"]
[GameID "6847"]

1. d4 f5 2. Nf3 Nf6 3. c4 e6 4. g3 Bb4+ 5. Bd2 Qe7 6. Bg2 c6 7. O-O Bxd2 8. Nbxd2 O-O 9. e3 d5 10. Ne5 Nbd7
11. Ndf3 dxc4 12. Nxc4 Qb4 13. Qc2 Nb6 14. b3 Nxc4 15. bxc4 Bd7 16. Rab1 Qe7 17. Rxb7 Rfb8 18. Rfb1 Rxb7 19. Rxb7 Qd8 20. Qb3 Ne8
21. Ne5 Nf6 22. Nxd7 Nxd7 23. Bxc6 Nb6 24. c5 Nd5 25. Bxd5 exd5 26. c6 Rc8 27. Rd7 Qf6 28. Qxd5+ Kh8 29. c7
1-0

[Event "Tarantella #1 "]
[Site "SchemingMind.com"]
[Date "2005.01.01"]
[Round "-"]
[White "C. H. O'D. Schlechter"]
[Black "refutor"]
[Result "1-0"]
[WhiteCountry "USA"]
[BlackCountry "CAN"]
[WhiteElo "2025"]
[WhiteRD "82"]
[BlackElo "1537"]
[BlackRD "54"]
[GameID "6848"]

1. e4 c5 2. c3 d5 3. exd5 Qxd5 4. d4 cxd4 5. cxd4 Nc6 6. Nf3 Bg4 7. Nc3 Qa5 8. d5 Bxf3 9. Qxf3 Nd4 10. Qe4 e5
11. Qxe5+ Be7 12. Qxd4 Bf6 13. Bb5+ Kd8 14. Qc5 Bxc3+ 15. bxc3 Nf6 16. Bg5 Re8+ 17. Kd2 a6 18. Bxf6+
1-0

[Event "Tarantella #1 "]
[Site "SchemingMind.com"]
[Date "2005.01.02"]
[Round "-"]
[White "Austin Lockwood"]
[Black "loco61"]
[Result "0-1"]
[WhiteCountry "ENG"]
[BlackCountry "ENG"]
[WhiteElo "1578"]
[WhiteRD "70"]
[BlackElo "1530"]
[BlackRD "65"]
[GameID "6852"]

1. e4 e5 2. Nf3 Nc6 3. Bb5 d6 4. O-O Bd7 5. d3 a6 6. Bxc6 Bxc6 7. Bg5 f6 8. Bh4 g5 9. Bg3 h5 10. Nc3 h4
11. Bxh4 gxh4 12. d4 Bd7 13. dxe5 dxe5 14. Qd5 c6 15. Qb3 b5 16. Rad1 Qc8 17. Ne2 h3 18. gxh3 Bxh3 19. Rfe1 Qg4+ 20. Ng3 Ne7
21. Rd6 Rh6 22. Red1 Qg7 23. a4 Bg4 24. axb5 axb5 25. Qd3 Kf7 26. Qb3+ Ke8 27. Nf5 Bxf5+ 28. Kf1 Bxe4 29. Re1 Bd5
0-1

[Event "Tarantella #1 "]
[Site "SchemingMind.com"]
[Date "2005.01.02"]
[Round "-"]
[White "Austin Lockwood"]
[Black "IncitatoX"]
[Result "0-1"]
[WhiteCountry "ENG"]
[BlackCountry "ARG"]
[WhiteElo "1578"]
[WhiteRD "70"]
[BlackElo "1353"]
[BlackRD "87"]
[GameID "6853"]

1. e4 e5 2. Nf3 Nc6 3. Be2 d5 4. exd5 Qxd5 5. O-O Nf6 6. Nc3 Qd8 7. Bb5 Bg4 8. h3 Bd7 9. d3 Bb4 10. a3 Bd6
11. Bg5 O-O 12. Ne4 Be7 13. Nxf6+ Bxf6 14. Bxf6 Qxf6 15. Re1 a6 16. Bxc6 Bxc6 17. Nxe5 Bd5 18. Nd7 Qg5 19. Nxf8 Qxg2#
0-1

[Event "Tarantella #1 "]
[Site "SchemingMind.com"]
[Date "2005.01.02"]
[Round "-"]
[White "Austin Lockwood"]
[Black "reptile"]
[Result "0-1"]
[WhiteCountry "ENG"]
[BlackCountry "ISR"]
[WhiteElo "1646"]
[WhiteRD "78"]
[BlackElo "1900"]
[BlackRD "87"]
[GameID "6854"]

1. e4 e5 2. Nf3 Nc6 3. Be2 Nf6 4. d3 d5 5. O-O dxe4 6. dxe4 Qxd1 7. Rxd1 Nxe4 8. Bd3 Nf6 9. Re1 Bd6 10. Nc3 a6
11. Bf4 O-O 12. Bg3 Re8 13. Rad1 Bg4 14. Ne4 Nh5 15. Nxd6 cxd6 16. Be4 Nxg3 17. hxg3 Red8 18. Rd2 Bxf3 19. Bxf3 Kf8 20. Be4 h6
21. Bxc6 bxc6 22. c4 Ke7 23. f4 Ke6 24. fxe5 dxe5 25. Red1 Rxd2 26. Rxd2 a5 27. c5 Rb8 28. Rd6+ Kf5 29. b3 a4 30. bxa4 Ra8
31. Rxc6 Rxa4 32. Rc7 Ke6 33. Rc6+ Kd7 34. Rd6+ Ke7 35. Rd2 Rc4 36. Rd5 f6 37. a3 g6 38. Kf2= Rc3 39. a4 Ra3 40. c6 Rxa4
41. Rd7+ Ke6 42. Kf3 Rc4 43. Rg7 Kf5 44. c7 Rc3+ 45. Kf2 h5 46. Ke2 g5 47. Kd2 Rc6 48. Ke3 Rc3+ 49. Kd2 Rc5 50. Kd3 Kg4
51. Ke4 f5+ 52. Kd3 h4 53. gxh4 Kxh4 54. Ke3 Kg4 55. Rf7= e4 56. Kd4 Rc2 57. Ke5 e3 58. Kd6 f4 59. Re7 Kg3 60. Re5 Kxg2
61. Rxg5+ Kf3 62. Kd7 e2 63. Re5 Kf2 64. c8=Q Rxc8 65. Kxc8 e1=Q 66. Rxe1 Kxe1
0-1

[Event "Tarantella #1 "]
[Site "SchemingMind.com"]
[Date "2005.01.02"]
[Round "-"]
[White "Austin Lockwood"]
[Black "refutor"]
[Result "1-0"]
[WhiteCountry "ENG"]
[BlackCountry "CAN"]
[WhiteElo "1578"]
[WhiteRD "70"]
[BlackElo "1537"]
[BlackRD "54"]
[GameID "6855"]

1. e4 e5 2. Nf3 Nc6 3. Bb5 a6 4. Ba4 Nf6 5. O-O Nxe4 6. d3 Nc5 7. Bxc6 dxc6 8. Nxe5 Bd6 9. d4 Ne6 10. Nc3 O-O
11. Bf4 Nxf4 12. Re1 Bxe5 13. dxe5 Qg5 14. Qf3 Bg4 15. Qg3 Nh3+ 16. gxh3 Qd2 17. hxg4 Qxc2 18. Rac1 Qxb2 19. f4 Rad8 20. Rb1 Qd2
21. Red1 Qc2 22. Rxd8 Rxd8 23. Rxb7 h6 24. e6 Rd3 25. Qe1 Rd2 26. Rb8+ Kh7 27. exf7 Rg2+ 28. Kf1 Rxh2 29. f8=N+ Kh8 30. Ng6+ Kh7
31. Rh8+ Kxg6 32. Qe6#
1-0

[Event "Tarantella #1 "]
[Site "SchemingMind.com"]
[Date "2005.01.02"]
[Round "-"]
[White "Austin Lockwood"]
[Black "C. H. O'D. Schlechter"]
[Result "0-1"]
[WhiteCountry "ENG"]
[BlackCountry "USA"]
[WhiteElo "1578"]
[WhiteRD "70"]
[BlackElo "2025"]
[BlackRD "82"]
[GameID "6856"]

1. e4 Nf6 2. d3 e5 3. Nf3 Nc6 4. Be2 d5 5. O-O dxe4 6. dxe4 Qxd1 7. Rxd1 Nxe4 8. Be3 f6 9. Nh4 Nd6 10. Nc3 Be6
11. Bh5+ g6 12. Bf3 Be7 13. Bxc6+ bxc6 14. Rd2 Nc4 15. Re2 Nxb2 16. Rb1 Nc4 17. h3 Nxe3 18. Rxe3 Bc5 19. Rbe1 Bxe3 20. fxe3 Kf7
21. Rf1 Rab8 22. a3 Rb2 23. Rf2 Ke7 24. Ne4 f5 25. Nc5 Rb1+ 26. Rf1 Rxf1+
0-1

[Event "Tarantella #1 "]
[Site "SchemingMind.com"]
[Date "2005.01.02"]
[Round "-"]
[White "loco61"]
[Black "Austin Lockwood"]
[Result "0-1"]
[WhiteCountry "ENG"]
[BlackCountry "ENG"]
[WhiteElo "1530"]
[WhiteRD "65"]
[BlackElo "1578"]
[BlackRD "70"]
[GameID "6857"]

1. e4 e5 2. Nf3 Nc6 3. Bc4 Nf6 4. Nc3 Be7 5. d3 O-O 6. Bg5 h6 7. Bh4 Nd4 8. Nxd4 exd4 9. Nd5 Nxd5 10. Bxe7 Nxe7
11. O-O b6 12. b4 d5 13. Bb3 dxe4 14. dxe4 a5 15. a3 axb4 16. axb4 Rxa1 17. Qxa1 Qd6 18. b5 Be6 19. Qb2 Bxb3 20. Qxb3 Ra8
21. f3 Qc5 22. Qd3 Ra3 23. Qe2 d3+ 24. Qf2 Qxf2+ 25. Rxf2 Ra1+ 26. Rf1 Rxf1+
0-1

[Event "Tarantella #1 "]
[Site "SchemingMind.com"]
[Date "2005.01.02"]
[Round "-"]
[White "IncitatoX"]
[Black "Austin Lockwood"]
[Result "0-1"]
[WhiteCountry "ARG"]
[BlackCountry "ENG"]
[WhiteElo "1364"]
[WhiteRD "83"]
[BlackElo "1601"]
[BlackRD "72"]
[GameID "6858"]

1. e4 e5 2. Nf3 d6 3. d4 exd4 4. Nxd4 Nf6 5. Nc3 Be7 6. h3 O-O 7. Bd3 d5 8. e5 Nfd7 9. e6 fxe6 10. Nxe6 Qe8
11. Nxf8 Bxf8+ 12. Ne2 Ne5 13. Bf4 Nxd3+ 14. Qxd3 Nc6 15. O-O Qf7 16. Bg3 Bf5 17. Qb3 Re8 18. Nf4 Nb4 19. c3 Bc2 20. Qa3 Nd3
21. Qxa7 Nxf4 22. Bxf4 Qxf4 23. Qxb7 d4 24. Qd5+ Qf7 25. Qxd4 Bd6 26. Rac1 Re2 27. Qg4 Bd3 28. Rcd1 h5 29. Qc8+ Re8 30. Qb7 Bxf1
31. Rxf1 Qxa2 32. Qc6 Re2 33. Qb5 Re5 34. f4 Rxb5
0-1

[Event "Tarantella #1 "]
[Site "SchemingMind.com"]
[Date "2005.01.02"]
[Round "-"]
[White "reptile"]
[Black "Austin Lockwood"]
[Result "1/2-1/2"]
[WhiteCountry "ISR"]
[BlackCountry "ENG"]
[WhiteElo "1900"]
[WhiteRD "87"]
[BlackElo "1646"]
[BlackRD "78"]
[GameID "6859"]

1. d4 Nc6 2. Nf3 d5 3. c4 Bg4 4. e3 dxc4 5. Bxc4 e6 6. O-O Qf6 7. Nbd2 O-O-O 8. a3 Be7 9. Qc2 e5 10. d5 Na5
11. Ba2 b6 12. b4 Nb7 13. Bb2 Bxf3 14. Nxf3 Bd6 15. Bc4 Ne7 16. Rfd1 Kb8 17. Rac1 h5 18. Bb5 Rh6 19. Bc6 Rg6 20. Qe2 Rh8
21. Nd2 Nxc6 22. dxc6 Nd8 23. Ne4 Qe7 24. Qb5 Rhh6 25. a4 f5 26. Nxd6 Rxd6 27. Rxd6 Qxd6 28. Qxe5 Qxb4 29. Qxg7 Rxc6 30. Ra1 Rc2
31. Bf6 Qd2 32. Rf1 Rc1 33. g3 Rxf1+ 34. Kxf1 Qd1+ 35. Kg2 Qd5+ 36. Kh3 Ne6 37. Qh8+ Kb7 38. Qxh5 Nc5 39. f3 Qe6 40. Bd4 Nxa4
41. g4 fxg4+ 42. Qxg4 Qxg4+ 43. fxg4 c5 44. Be5 c4 45. g5 c3 46. e4 c2 47. Bf4 Nc5 48. e5 Nd3 49. Bd2 Nxe5 50. Kg3 a5
51. g6 Nxg6 52. Kf2 b5 53. Ke2 Ne5 54. h4 a4 55. Bc1 b4 56. Kd2 b3 57. Kc3 Kb6 58. h5 Kb5 59. h6 Nf7 60. h7 Nh8
61. Ba3 Nf7 62. Bc1 Nh8=
1/2-1/2

[Event "Tarantella #1 "]
[Site "SchemingMind.com"]
[Date "2005.01.02"]
[Round "-"]
[White "refutor"]
[Black "Austin Lockwood"]
[Result "0-1"]
[WhiteCountry "CAN"]
[BlackCountry "ENG"]
[WhiteElo "1537"]
[WhiteRD "54"]
[BlackElo "1578"]
[BlackRD "70"]
[GameID "6860"]

1. Nf3 d5 2. d4 Nc6 3. c4 Bg4 4. Ne5 Nxe5 5. dxe5 dxc4 6. f3 Qxd1+ 7. Kxd1 Bh5 8. e4 O-O-O+ 9. Kc2 e6 10. Bxc4 Bc5
11. Nc3 Ne7 12. Bd2 Nc6 13. Na4 Bd4 14. Bc3 Bxc3 15. Nxc3 Nxe5 16. Bb3 Nd3 17. Rad1 Nf4 18. g3 Rxd1 19. Rxd1 Ng2 20. Rd2 Ne1+
21. Kc1 Nxf3 22. Rf2 c5 23. Nb5 Nd4 24. Nd6+ Kc7 25. e5 Nxb3+ 26. axb3 Bg6 27. Rc2 Bxc2 28. Kxc2 Rd8 29. Nxf7 Rf8 30. Nd6 Rf2+
0-1

[Event "Tarantella #1 "]
[Site "SchemingMind.com"]
[Date "2005.01.02"]
[Round "-"]
[White "C. H. O'D. Schlechter"]
[Black "Austin Lockwood"]
[Result "1-0"]
[WhiteCountry "USA"]
[BlackCountry "ENG"]
[WhiteElo "2025"]
[WhiteRD "82"]
[BlackElo "1578"]
[BlackRD "70"]
[GameID "6861"]

1. e4 e5 2. Nf3 Nc6 3. Bc4 Nf6 4. d3 Be7 5. O-O O-O 6. c3 d6 7. Bb3 Be6 8. Nbd2 d5 9. exd5 Nxd5 10. Ba4 Bg4
11. Bxc6 bxc6 12. Qa4 Bxf3 13. Nxf3 Qd6 14. Re1 f6 15. d4 exd4 16. Nxd4 Rfb8 17. Nf5 Qc5 18. Qg4 Bf8 19. Nh6+ Kh8 20. Nf7+ Kg8
21. Qe6 h5 22. Ne5+ Kh8 23. Qf7 fxe5 24. Rxe5 Nf6 25. Rxc5 Bxc5 26. Bh6 gxh6 27. Qxf6+
1-0